Statistics for 10 Northernmost Capital Cities in Europe

Click here to take the quiz!

General Stats

  • This quiz has been taken 19,660 times
  • The average score is 9 of 10

Answer Stats

LatitudeCapital City% Correct
59°95'NOslo
98%
60°17'NHelsinki
95%
59.32'NStockholm
95%
55°75'NMoscow
94%
63°14'NReykjavík
93%
55°67'NCopenhagen
91%
59°43'NTallinn
81%
56°93'NRiga
81%
54°68'NVilnius
70%
53°54'NMinsk
69%

Score Distribution

Percentile by Number Answered

Percent of People with Each Score

Your Score History

You have not taken this quiz